• 首页
  • 本馆介绍
  • 公告通知
  • 最新文献
  • 馆藏检索
  • 电子资源
  • 读者导购
  • 参考咨询
  • 我的图书馆
  • 登录
  • 详细信息显示
  • 放入我的书架
  • 预约/预借图书
  • 作者相关作品
  • 分类相关作品
  • 丛书相关作品
  • 出版社相关作品

书目信息

  • 表格格式
  • 工作单格式
  • 卡片格式
题名:
亲情摄影
    
 
作者: 罗英 著
分册:  
出版信息: 杭州   浙江摄影出版社  2000
页数: 127页
开本: 21cm
丛书名: 摄影百科丛书
单 册:
中图分类: J41
科图分类:
主题词: 摄影技术--普及读物 , 摄影艺术--图解
电子资源:
ISBN: 7-80536-693-4
000 00624nam0 2200229 45
001 0304141453
005 20031219104109.2
010    @a7-80536-693-4@dCNY25.00
100    @a20030414d2000 km y0chiy0120 ea
101 0  @achi
105    @aa z 000yy
200 1  @a亲情摄影@AQin Qing She Ying@f罗英著@FLuo Ying Zhu
210    @a杭州@c浙江摄影出版社@d2000@h2001.1重印
215    @a127页@d21cm
225    @a摄影百科丛书
410    @12001 @a摄影百科丛书
606 0  @a摄影技术@x普及读物
606 0  @a摄影艺术@x图解
690    @aJ41@v4
701  0 @a罗英@4著
801    @aCN@bTSTC@c20030414
905    @b322558-562@dJ41@e139@f5
    
    亲情摄影/罗英著.-杭州:浙江摄影出版社,2000(2001.1重印)
    127页;21cm.-(摄影百科丛书)
    
    
    ISBN 7-80536-693-4:CNY25.00
    
●
相关链接 在E读中查询图书 在五车中查询图书 在当当中查询图书 在豆瓣中查询图书


正题名:亲情摄影     索取号:J41/139         预约/预借

序号 登录号 条形码 馆藏地/架位号 状态 备注
1 0322558   203225580   第一借阅区/ [索取号:J41/139] 在馆    
2 0322559   203225599   第一借阅区/ [索取号:J41/139] 在馆    
3 0322560   203225606   第一借阅区/ [索取号:J41/139] 在馆    
4 0322561   203225615   第一借阅区/ [索取号:J41/139] 在馆    
5 0322562   203225624   第一样本阅览室/ [索取号:J41/139] 在馆    
唐山师范学院图书馆 欢迎您!
大连网信软件有限公司© 版权所有